000 02310nam a22003497a 4500
001 100924
003 KnowledgeUnlatched
005 20210303105142.0
006 m o d
007 cr u||||||||||
008 210129p20112019miu o u00| u eng d
037 _5BiblioBoard
245 0 4 _aThe Black Arts Enterprise and the Production of African American Poetry
_cHoward Rambsy.
020 _a9780472120055
029 1 _ahttps://library.biblioboard.com/ext/api/media/e1c6296a-771c-4f26-a297-fbb4f5ea88f3/assets/thumbnail.jpg
040 _aScCtBLL
_cScCtBLL
100 1 _aRambsy, Howard
_eauthor.
264 1 _bUniversity of Michigan Press,
300 _a1 online resource (201 p.)
506 0 _aAccess copy available to the general public.
_fUnrestricted
_2star
520 _aThe outpouring of creative expression known as the Black Arts Movement of the 1960s and 1970s spawned a burgeoning number of black-owned cultural outlets, including publishing houses, performance spaces, and galleries. Central to the movement were its poets, who in concert with editors, visual artists, critics, and fellow writers published a wide range of black verse and advanced new theories and critical approaches for understanding African American literary art. The Black Arts Enterprise and the Production of African American Poetry offers a close examination of the literary culture in which BAM's poets (including Amiri Baraka, Nikki Giovanni, Sonia Sanchez, Larry Neal, Haki Madhubuti, Carolyn Rodgers, and others) operated and of the small presses and literary anthologies that first published the movement's authors.
588 0 _aDescription based on print version record.
590 _aKU Select 2017: Backlist Collection
650 7 _aLiterary Criticism / American / African American & Black
_2bisacsh
650 0 _aLiterature
_xHistory and criticism
655 0 _aElectronic books.
758 _iIs found in:
_aKnowledge Unlatched
_1https://openresearchlibrary.org/module/2774bc74-146a-484f-a7ba-ab1d6a09bbfb
856 4 0 _uhttps://openresearchlibrary.org/content/e1c6296a-771c-4f26-a297-fbb4f5ea88f3
_zView this content on Open Research Library.
_70
999 _c24384
_d24384